| 000 | 01649cam a22003611ia4500 | ||
|---|---|---|---|
| 003 | SA-RiAUC | ||
| 005 | 20250709064615.0 | ||
| 008 | 250708s1978 ua g b 001 0 ara c | ||
| 020 | _z772563177 | ||
| 040 |
_aSA-JeALM _bara _cSA-RiAUC _erda |
||
| 082 | 0 | 4 |
_a240 _qSA-RiAUC |
| 090 |
_a240 _bا ب ن ح |
||
| 100 | 1 |
_aابن حزم، علي بن أحمد بن سعيد، _d384-456 هجري _eمؤلف. |
|
| 245 | 1 | 2 |
_aالأصول والفروع / _cإبن حزم الأندلسي ؛ تحقيق محمد عاطف العراقي، سهير فضل الله أبو وافية، إبراهيم إبراهيم هلال. |
| 250 | _aالطبعة الأولى. | ||
| 264 | 1 |
_aالقاهرة : _bدار النهضة العربية، _c1978 |
|
| 300 |
_a2 مجلد (430 صفحة) ؛ _c24 سم |
||
| 336 |
_aنص _btxt _2rdacontent _3كتاب |
||
| 337 |
_aبدون وسيط _bn _2rdamedia |
||
| 338 |
_aمجلد _bnc _2rdacarrier |
||
| 500 | _aيشتمل على إرجاعات ببليوجرافية. | ||
| 500 | _aيشتمل على كشاف. | ||
| 650 | 7 |
_aعلم الكلام _2aucsh |
|
| 650 | 7 |
_aالإيمان _2aucsh |
|
| 650 | 7 |
_aأصول الفقه الإسلامي _2aucsh |
|
| 700 | 1 |
_aالعراقي، محمد عاطف، _d1935-2012 _eمحقق. |
|
| 700 | 1 |
_aأبو وافية، سهير فضل الله _eمحقق. |
|
| 700 | 1 |
_aهلال، إبراهيم إبراهيم _eمحقق. |
|
| 700 | 1 | 2 |
_iتحقيق لـ (عمل) : _aابن حزم، علي بن أحمد بن سعيد، _d384-456 هجري. _tالأصول والفروع. |
| 942 |
_2ddc _cBOOK _n0 |
||
| 949 |
_aSA-JeALM _d250708 _uosman123 _n1 |
||
| 999 |
_c9641 _d9641 |
||